000
00202nam a2200085Ia 4500
005
20250523155752.0
008
250523s9999 xx 000 0 und d
245
0
_a
ENDİŞE AĞACI
_c
MARİANNE
260
_b
ALTIN
999
_c
12094
_d
12094